[Event "FRA-chT3 Gr14 0607"]
[Site "France"]
[Date "2007.04.01"]
[Round "9.6"]
[White "Grandadam, Nicolas"]
[Black "Bonnier, Nicolas"]
[Result "1-0"]
[WhiteElo "1974"]
[BlackElo "1870"]
[PlyCount "67"]
[EventDate "2006.10.15"]
[EventType "team-tourn"]
[EventRounds "9"]
[EventCountry "FRA"]
[SourceTitle "EXT 2008"]
[Source "ChessBase"]
[SourceDate "2007.11.25"]
[SourceVersion "1"]
[SourceVersionDate "2007.11.25"]
[SourceQuality "1"]

1. d4 d5 2. c4 e5 3. dxe5 d4 4. Nf3 Nc6 5. a3 Bg4 6. Nbd2 Qe7 7. h3 Bxf3 8. Nxf3 Nxe5 9. Qxd4 Nxf3+ 10. gxf3 c5 11. Qe3 Nf6 12. Qxe7+ Bxe7 13. Bd2 Nd7 14. Bc3 Bf6 15. Bxf6 Nxf6 16. 0-0-0 Ke7 17. e3 Nd7 18. f4 f5 19. Bg2 Rab8 20. Rd5 g6 21. Rhd1 Rhd8 22. Rd6 b6 23. Kc2 Nf6 24. Rxd8 Rxd8 25. Rxd8 Kxd8 26. b4 Kc7 27. Kb3 Kd6 28. Ka4 Ne4 29. Bxe4 fxe4 30. Kb5 cxb4 31. axb4 a5 32. c5+ bxc5 33. bxc5+ Kd5 34. c6 1-0